[Event "Montcalm 3 2021-22 Online"]
[Site "Quebec CAN"]
[Date "2022.01.27"]
[Round "2"]
[White "Fecteau, Martin"]
[Black "Bolduc, Steve"]
[Result "1/2-1/2"]
[WhiteElo "1885"]
[BlackElo "2195"]
[PlyCount "135"]
[EventDate "2022.01.20"]
[EventType "swiss"]
[EventRounds "5"]
[EventCountry "CAN"]

1. d4 d5 2. Nf3 Nf6 3. c4 dxc4 4. e3 e6 5. Bxc4 a6 6. O-O c5 7. Nc3 Nc6 8. Be2
Be7 9. b3 cxd4 10. exd4 O-O 11. Bb2 Qa5 12. Na4 Rd8 13. Qc1 Nd5 14. Rd1 Bd7 15.
Nc5 Qb6 16. Nxd7 Rxd7 17. Ne5 Rc7 18. Qb1 Rd8 19. Qe4 Nf6 20. Qe3 Nb4 21. Nc4
Qa7 22. Qe5 Rcd7 23. Ne3 Nc6 24. Qf4 Nxd4 25. Bf1 Nc6 26. Rxd7 Rxd7 27. Nc4 h6
28. Qf3 Qc5 29. Re1 b5 30. Ne5 Nxe5 31. Bxe5 Rd5 32. Bf4 e5 33. Rc1 Qd6 34. Be3
Qd7 35. h3 Kh7 36. g3 g6 37. Qe2 Ba3 38. Rc2 Bf8 39. Bg2 e4 40. Bf4 Qe6 41. Kh2
Bc5 42. Qe1 g5 43. Bc1 Bd4 44. Re2 Re5 45. Qd1 Qb6 46. Qc2 Qc5 47. Qxc5 Rxc5
48. Ba3 Re5 49. Rd2 Bc3 50. Rd6 Re6 51. Rxe6 fxe6 52. Be7 Kg6 53. Bxf6 Kxf6 54.
Bxe4 b4 55. Kg2 Ke5 56. Kf3 Bd4 57. Bb7 a5 58. Ke2 h5 59. Bf3 h4 60. Bg4 Bc5
61. gxh4 gxh4 62. f3 Kd4 63. Bxe6 Kc3 64. Kd1 Kb2 65. Bd5 Bd6 66. Bc6 Kxa2 67.
Kc2 Ka3 68. Bd7 1/2-1/2

[Event "Montcalm 3 2021-22 Online"]
[Site "Quebec CAN"]
[Date "2022.01.27"]
[Round "2"]
[White "Marquis, Paul"]
[Black "Sauve, Richard"]
[Result "1/2-1/2"]
[WhiteElo "2053"]
[BlackElo "1879"]
[PlyCount "124"]
[EventDate "2022.01.20"]
[EventType "swiss"]
[EventRounds "5"]
[EventCountry "CAN"]

1. e4 e6 2. d4 d5 3. Nc3 dxe4 4. Nxe4 Nd7 5. Nf3 Ngf6 6. Bd3 c5 7. Bg5 cxd4 8.
O-O Be7 9. Qe2 Nxe4 10. Bxe7 Qxe7 11. Qxe4 Nf6 12. Qxd4 O-O 13. Qh4 h6 14. Ne5
Nd5 15. Qe4 Nf6 16. Qf3 Rd8 17. Rad1 Rd5 18. Rfe1 Qc7 19. Qe3 Qb6 20. Qxb6 axb6
21. c4 Rc5 22. Bb1 Kf8 23. b4 Rc7 24. Rd6 Nd7 25. Nxd7+ Rxd7 26. Rxb6 Rd4 27.
c5 Ra4 28. b5 Rac4 29. c6 bxc6 30. Rxc6 Bd7 31. Rxc4 Rxc4 32. Bd3 Rb4 33. Rb1
Rxb1+ 34. Bxb1 Bxb5 35. g3 Ke7 36. Kg2 Kd6 37. Kf3 Kc5 38. Ke3 Bc4 39. a3 Bb3
40. Kd3 Kb5 41. Kc3 Ka4 42. Kb2 Bd5 43. Bc2+ Ka5 44. Kc3 Kb5 45. Bd3+ Kc5 46.
a4 g6 47. a5 e5 48. Be2 f5 49. Bd3 e4 50. Be2 g5 51. a6 Ba8 52. Bh5 f4 53. gxf4
gxf4 54. Bg4 Bc6 55. Bc8 Kb6 56. Bb7 Bxb7 57. axb7 Kxb7 58. Kd4 e3 59. fxe3
fxe3 60. Kxe3 Kc6 61. Ke4 Kd6 62. Kf5 Ke7 1/2-1/2

[Event "Montcalm 3 2021-22 Online"]
[Site "Quebec CAN"]
[Date "2022.02.03"]
[Round "3"]
[White "Bolduc, Steve"]
[Black "Auger, Bertrand"]
[Result "1-0"]
[WhiteElo "2195"]
[BlackElo "1879"]
[PlyCount "71"]
[EventDate "2022.01.20"]
[EventType "swiss"]
[EventRounds "5"]
[EventCountry "CAN"]

1. d4 d5 2. Nf3 Nf6 3. c4 c6 4. Nc3 e6 5. Bg5 Nbd7 6. e3 Bd6 7. Bd3 O-O 8. Qc2
h6 9. h4 dxc4 10. Bxc4 Qa5 11. O-O-O Nb6 12. Bb3 Nfd5 13. Ne4 Nb4 14. Qb1 Bc7
15. Be7 Re8 16. Bc5 N6d5 17. a3 Na6 18. Bd6 Rd8 19. Bxc7 Naxc7 20. Ne5 Bd7 21.
Qc2 Be8 22. Nc4 Qb5 23. Ba4 Nb4 24. axb4 Qxb4 25. Bb3 b5 26. Ne5 a5 27. Nc5 a4
28. Ba2 Rdb8 29. Qd2 Qa5 30. Qxa5 Rxa5 31. h5 b4 32. Bc4 a3 33. b3 f6 34. Ned3
Nd5 35. Bxd5 exd5 36. Kb1 1-0

[Event "Montcalm 3 2021-22 Online"]
[Site "Quebec CAN"]
[Date "2022.02.03"]
[Round "3"]
[White "Dube, Daniel"]
[Black "Marquis, Paul"]
[Result "0-1"]
[WhiteElo "1897"]
[BlackElo "2053"]
[PlyCount "52"]
[EventDate "2022.01.20"]
[EventType "swiss"]
[EventRounds "5"]
[EventCountry "CAN"]

1. d4 Nf6 2. Nf3 g6 3. c4 Bg7 4. g3 O-O 5. Bg2 d6 6. O-O Nbd7 7. Nc3 e5 8. e4
exd4 9. Nxd4 a6 10. h3 Rb8 11. b3 Re8 12. Rb1 c5 13. Nde2 b5 14. cxb5 axb5 15.
Qxd6 b4 16. Na4 Nxe4 17. Bxe4 Rxe4 18. Be3 Bf8 19. Qd3 Qe8 20. Rfe1 Bb7 21. Bf4
Ne5 22. Bxe5 Qxe5 23. Nb2 Re8 24. Kf1 Qe6 25. g4 Qc6 26. Qg3 Rxe2 0-1

[Event "Montcalm 3 2021-22 Online"]
[Site "Quebec CAN"]
[Date "2022.02.03"]
[Round "3"]
[White "Rochette, Mathieu"]
[Black "Vincent, Andre"]
[Result "1-0"]
[WhiteElo "1366"]
[BlackElo "1008"]
[PlyCount "51"]
[EventDate "2022.01.20"]
[EventType "swiss"]
[EventRounds "5"]
[EventCountry "CAN"]

1. d4 e6 2. c4 d5 3. Nf3 f5 4. Bg5 Nf6 5. cxd5 exd5 6. Nc3 c6 7. e3 Be7 8. Ne5
Be6 9. Be2 Nbd7 10. f4 Qc7 11. O-O Nb6 12. Rc1 Ne4 13. Bxe7 Qxe7 14. Nxe4 dxe4
15. Bh5+ g6 16. Bxg6+ Kd8 17. Bh5 Rg8 18. Rxc6 Qg7 19. Rd6+ Ke7 20. Rxe6+ Kxe6
21. Bf7+ Ke7 22. Bxg8 Rxg8 23. Rf2 Nd5 24. Qb3 Kd6 25. Rc2 Rc8 26. Rxc8 1-0

[Event "Montcalm 3 2021-22 Online"]
[Site "Quebec CAN"]
[Date "2022.02.03"]
[Round "3"]
[White "Sauve, Richard"]
[Black "Fecteau, Martin"]
[Result "1-0"]
[WhiteElo "1879"]
[BlackElo "1885"]
[PlyCount "59"]
[EventDate "2022.01.20"]
[EventType "swiss"]
[EventRounds "5"]
[EventCountry "CAN"]

1. d4 d5 2. c4 c6 3. Nc3 Nf6 4. Nf3 e6 5. e3 Nbd7 6. Bd3 Bd6 7. e4 dxe4 8. Nxe4
Nxe4 9. Bxe4 Nf6 10. Bc2 O-O 11. O-O c5 12. dxc5 Bxc5 13. Qe2 Qc7 14. Bg5 Be7
15. Rfd1 g6 16. Ne5 Nh5 17. Bxe7 Qxe7 18. Be4 a5 19. Rac1 a4 20. c5 Ra5 21. Qe3
f5 22. Bf3 Nf6 23. Qc3 Ra6 24. Qc4 Qc7 25. Qd4 Ra5 26. Rc4 b5 27. Rcc1 Ra7 28.
Qd6 Qxd6 29. cxd6 Nd7 30. Nc6 1-0

[Event "Montcalm 3 2021-22 Online"]
[Site "Quebec CAN"]
[Date "2022.02.10"]
[Round "4"]
[White "Dube, Daniel"]
[Black "Rochette, Mathieu"]
[Result "1-0"]
[WhiteElo "1897"]
[BlackElo "1366"]
[PlyCount "61"]
[EventDate "2022.01.20"]
[EventType "swiss"]
[EventRounds "5"]
[EventCountry "CAN"]

1. e4 d5 2. Nf3 Bg4 3. c3 Bxf3 4. Qxf3 dxe4 5. Qxe4 c6 6. Bc4 Nf6 7. Qe2 e6 8.
d4 Bd6 9. O-O O-O 10. Bg5 Nbd7 11. Nd2 Qc7 12. f4 h6 13. Bxf6 Nxf6 14. g3 Rfe8
15. Nf3 c5 16. Ne5 cxd4 17. cxd4 Rac8 18. Bb3 Red8 19. Rad1 Bxe5 20. fxe5 Nd5
21. Qe4 Qe7 22. Rd2 Qg5 23. Rc2 Rxc2 24. Bxc2 Ne3 25. Rf4 Nxc2 26. Qxc2 Qe7 27.
a3 Qd7 28. Qd2 Rc8 29. Rg4 Kf8 30. Rf4 Rc5 31. Qb4 1-0

[Event "Montcalm 3 2021-22 Online"]
[Site "Quebec CAN"]
[Date "2022.02.09"]
[Round "4"]
[White "Fecteau, Martin"]
[Black "Dumont, Eric"]
[Result "1/2-1/2"]
[WhiteElo "1885"]
[BlackElo "1791"]
[PlyCount "82"]
[EventDate "2022.01.20"]
[EventType "swiss"]
[EventRounds "5"]
[EventCountry "CAN"]

1. d4 d5 2. Nf3 Nf6 3. c4 c6 4. g3 Bf5 5. Bg2 dxc4 6. O-O e6 7. Ne5 Be7 8. Nxc4
O-O 9. Nc3 Nbd7 10. Bf4 Nb6 11. Ne5 h6 12. h3 Nbd5 13. Nxd5 exd5 14. g4 Be4 15.
f3 Bh7 16. Qd2 Qb6 17. e3 Rad8 18. Nd3 Nd7 19. b3 Rfe8 20. Rac1 Ba3 21. Rcd1 c5
22. Nf2 cxd4 23. exd4 Bb4 24. Qb2 Rc8 25. Rc1 Qf6 26. Rxc8 Rxc8 27. Rc1 Rxc1+
28. Bxc1 Qc6 29. Be3 Qc2 30. Qxc2 Bxc2 31. f4 Nb6 32. Kf1 Bb1 33. Bf3 Bxa2 34.
Bd1 Bb1 35. Ke2 f5 36. Nd3 Bxd3+ 37. Kxd3 fxg4 38. Bxg4 Kf7 39. f5 Nd7 40. Bf4
Nf6 41. Bf3 g5 1/2-1/2

[Event "Montcalm 3 2021-22 Online"]
[Site "Quebec CAN"]
[Date "2022.02.10"]
[Round "4"]
[White "Marquis, Paul"]
[Black "Auger, Bertrand"]
[Result "1-0"]
[WhiteElo "2053"]
[BlackElo "1879"]
[PlyCount "31"]
[EventDate "2022.01.20"]
[EventType "swiss"]
[EventRounds "5"]
[EventCountry "CAN"]

1. e4 e6 2. d4 d5 3. e5 c5 4. c3 Qb6 5. Nf3 Nc6 6. a3 Nh6 7. b4 cxd4 8. Bxh6
gxh6 9. cxd4 Bd7 10. Be2 a5 11. b5 Na7 12. Nc3 Rc8 13. Na4 Qc7 14. b6 Bxa4 15.
Qxa4+ Qc6 16. Qxa5 1-0

[Event "Montcalm 3 2021-22 Online"]
[Site "Quebec CAN"]
[Date "2022.02.10"]
[Round "4"]
[White "Sauve, Richard"]
[Black "Bolduc, Steve"]
[Result "1/2-1/2"]
[WhiteElo "1879"]
[BlackElo "2195"]
[PlyCount "115"]
[EventDate "2022.01.20"]
[EventType "swiss"]
[EventRounds "5"]
[EventCountry "CAN"]

1. d4 Nf6 2. c4 g6 3. Nc3 d5 4. cxd5 Nxd5 5. e4 Nxc3 6. bxc3 Bg7 7. Bc4 c5 8.
Ne2 O-O 9. O-O Nc6 10. Be3 Bg4 11. f3 Na5 12. Bxf7+ Rxf7 13. fxg4 Rxf1+ 14.
Kxf1 Qd6 15. Kg1 Rd8 16. Qd3 a6 17. a4 e5 18. d5 c4 19. Qc2 Nb3 20. Rb1 Qd7 21.
h3 Qxa4 22. Nc1 b5 23. Nxb3 cxb3 24. Rxb3 Bf8 25. Rb2 Qc4 26. Ra2 Ra8 27. Ra1
a5 28. Rf1 Be7 29. Qd2 Ra6 30. Bg5 Bc5+ 31. Be3 a4 32. Bxc5 Qxc5+ 33. Kh2 a3
34. Qa2 Qd6 35. Qf2 Qe7 36. Qa2 Kg7 37. d6 Rxd6 38. Qxa3 Qc7 39. Qb4 Rf6 40.
Rxf6 Kxf6 41. Qxb5 Qxc3 42. Qf1+ Ke7 43. Qb5 Qd4 44. Qb7+ Kd6 45. Kg3 Qd3+ 46.
Kf2 Kc5 47. Qa7+ Kc4 48. Qa4+ Kc5 49. Qa7+ Kb5 50. Qb8+ Kc4 51. Qxe5 Qd2+ 52.
Kg3 Qe3+ 53. Kh2 Kd3 54. Qd5+ Ke2 55. Qc4+ Ke1 56. Qb4+ Ke2 57. Qb5+ Ke1 58.
Qb4+ 1/2-1/2

[Event "Montcalm 3 2021-22 Online"]
[Site "Quebec CAN"]
[Date "2022.02.17"]
[Round "5"]
[White "Bolduc, Steve"]
[Black "Marquis, Paul"]
[Result "1-0"]
[WhiteElo "2195"]
[BlackElo "2053"]
[PlyCount "83"]
[EventDate "2022.01.20"]
[EventType "swiss"]
[EventRounds "5"]
[EventCountry "CAN"]

1. d4 g6 2. c4 Nf6 3. Nc3 Bg7 4. e4 d6 5. Be2 O-O 6. Bg5 Na6 7. Qd2 e5 8. d5 c6
9. f3 cxd5 10. cxd5 h6 11. Be3 Bd7 12. Bxa6 bxa6 13. Nge2 Ne8 14. O-O Kh7 15.
Rfc1 f5 16. Qd3 f4 17. Bf2 Nc7 18. Kf1 g5 19. Ke1 g4 20. Kd2 Qb8 21. Rc2 Qb4
22. a3 Qb7 23. Rac1 Rac8 24. Na2 a5 25. b4 a4 26. Rc3 a6 27. fxg4 Bxg4 28. Ng1
Nb5 29. Rc6 Bd7 30. Rb6 Qa8 31. Nf3 Rxc1 32. Kxc1 Bf6 33. Nd2 Bd8 34. Nc4 Bxb6
35. Nxb6 Qb7 36. Kb2 Qc7 37. Nxa4 Rc8 38. Nb6 Rb8 39. Nc4 Na7 40. Nxd6 Qxd6 41.
Bxa7 Bb5 42. Bxb8 1-0

[Event "Montcalm 3 2021-22 Online"]
[Site "Quebec CAN"]
[Date "2022.02.15"]
[Round "5"]
[White "Crepault, Francois"]
[Black "Dube, Daniel"]
[Result "1/2-1/2"]
[WhiteElo "1900"]
[BlackElo "1897"]
[PlyCount "28"]
[EventDate "2022.01.20"]
[EventType "swiss"]
[EventRounds "5"]
[EventCountry "CAN"]

1. d4 e6 2. Nf3 d5 3. Bg5 Nf6 4. c4 c5 5. e3 Nc6 6. Nc3 Be7 7. Be2 O-O 8. O-O
a6 9. Rc1 cxd4 10. exd4 Ne4 11. Bxe7 Nxc3 12. Bxd8 Nxd1 13. Rfxd1 Rxd8 14. Ne5
Bd7 1/2-1/2

[Event "Montcalm 3 2021-22 Online"]
[Site "Quebec CAN"]
[Date "2022.02.17"]
[Round "5"]
[White "Dumont, Eric"]
[Black "Sauve, Richard"]
[Result "1/2-1/2"]
[WhiteElo "1791"]
[BlackElo "1879"]
[PlyCount "90"]
[EventDate "2022.01.20"]
[EventType "swiss"]
[EventRounds "5"]
[EventCountry "CAN"]

1. d4 d5 2. Bf4 Nf6 3. e3 c5 4. c3 Nc6 5. Nd2 Bf5 6. Ngf3 e6 7. Be2 Be7 8. h3
O-O 9. O-O h6 10. Ne5 Nxe5 11. dxe5 Nd7 12. c4 f6 13. cxd5 exd5 14. exf6 Nxf6
15. Bf3 Qb6 16. Nb3 Rfd8 17. Qc1 Rac8 18. Qc3 Be4 19. Bxe4 Nxe4 20. Qc2 a5 21.
f3 Nf6 22. Qg6 Kf8 23. Rfd1 d4 24. exd4 cxd4 25. Kh1 a4 26. Nd2 d3 27. Be5 Rd5
28. f4 Qe3 29. Nf3 d2 30. Nh4 Rc1 31. Qxg7+ Kxg7 32. Nf5+ Kg6 33. Nxe3 Rd3 34.
f5+ Kf7 35. Bf4 Bc5 36. Raxc1 dxc1=Q 37. Rxc1 Bxe3 38. Rc7+ Ke8 39. Be5 Nd5 40.
Rxb7 Rd1+ 41. Kh2 Bg1+ 42. Kg3 Ne3 43. f6 Rd7 44. Rb4 Ra7 45. Kf3 Nf5 1/2-1/2

[Event "Montcalm 3 2021-22 Online"]
[Site "Quebec CAN"]
[Date "2022.02.17"]
[Round "5"]
[White "Vincent, Andre"]
[Black "Fecteau, Martin"]
[Result "0-1"]
[WhiteElo "1008"]
[BlackElo "1885"]
[PlyCount "50"]
[EventDate "2022.01.20"]
[EventType "swiss"]
[EventRounds "5"]
[EventCountry "CAN"]

1. d4 d5 2. Bf4 e6 3. e3 Bd6 4. Bd3 Nf6 5. Nd2 Bxf4 6. exf4 Qd6 7. g3 c5 8. c3
cxd4 9. cxd4 Nc6 10. Ngf3 O-O 11. a3 b6 12. O-O Bb7 13. Re1 g6 14. Ne5 Nxd4 15.
Ndf3 Nxf3+ 16. Qxf3 Nd7 17. b4 Rac8 18. Qe2 Rc7 19. Nxd7 Qxd7 20. Bb5 Qd6 21.
Rac1 Rfc8 22. Qd2 d4 23. Rxc7 Rxc7 24. Rc1 Rxc1+ 25. Qxc1 Qd5 0-1

[Event "Montcalm 3 2022-23"]
[Site "Quebec CAN"]
[Date "2022.11.17"]
[Round "1"]
[White "Boissinot, Claude"]
[Black "Gaulin, Gaetan"]
[Result "0-1"]
[WhiteElo "1493"]
[BlackElo "1961"]
[PlyCount "56"]
[EventDate "2022.11.17"]
[EventType "swiss"]
[EventRounds "5"]
[EventCountry "CAN"]

1. e4 c6 2. d4 d5 3. exd5 cxd5 4. c4 e6 5. Nf3 Nf6 6. Nc3 Be7 7. Be2 O-O 8. O-O
Nc6 9. h3 Ne4 10. Be3 Bf6 11. a3 a6 12. Qd3 Nxc3 13. Qxc3 dxc4 14. Bxc4 Bd7 15.
Rfd1 b5 16. Bd3 Rc8 17. Qd2 Ne7 18. Bg5 Nd5 19. Bxf6 Nxf6 20. Bc2 Bc6 21. Ne5
Bb7 22. f3 Qe7 23. Qd3 Rfd8 24. Ng4 g6 25. Ne3 e5 26. d5 Nxd5 27. Nxd5 Rxd5 28.
Qb3 Qc5+ 0-1

[Event "Montcalm 3 2022-23"]
[Site "Quebec CAN"]
[Date "2022.11.17"]
[Round "1"]
[White "Fleury, Dominic"]
[Black "Mercure, Gilbert"]
[Result "0-1"]
[WhiteElo "1408"]
[BlackElo "1917"]
[PlyCount "42"]
[EventDate "2022.11.17"]
[EventType "swiss"]
[EventRounds "5"]
[EventCountry "CAN"]

1. e4 d5 2. exd5 Nf6 3. Nf3 Bg4 4. Be2 Qxd5 5. Nc3 Qh5 6. d4 Nc6 7. Bf4 O-O-O
8. h3 e5 9. Bh2 Nxd4 10. Nxd4 Bxe2 11. Qxe2 exd4 12. Qxh5 Nxh5 13. Nb5 Bb4+ 14.
c3 Rhe8+ 15. Kf1 dxc3 16. Rc1 c2 17. g4 Rd1+ 18. Kg2 Rxh1 19. Rxh1 Be1 20. Rxe1
Rxe1 21. gxh5 c1=Q 0-1

[Event "Montcalm 3 2022-23"]
[Site "Quebec CAN"]
[Date "2022.11.17"]
[Round "1"]
[White "Glode, Martin"]
[Black "Diotte, Jean-Raymond"]
[Result "1/2-1/2"]
[WhiteElo "1910"]
[BlackElo "1355"]
[PlyCount "132"]
[EventDate "2022.11.17"]
[EventType "swiss"]
[EventRounds "5"]
[EventCountry "CAN"]

1. e4 g6 2. d4 Bg7 3. Nf3 d6 4. Bd3 c5 5. c3 Nf6 6. h3 O-O 7. O-O Nbd7 8. Re1
a6 9. a4 Rb8 10. a5 Re8 11. Nbd2 b5 12. axb6 Nxb6 13. Qe2 e5 14. d5 Nh5 15. Nf1
Nf4 16. Bxf4 exf4 17. Bxa6 Nd7 18. Bxc8 Qxc8 19. Qc2 Ne5 20. Nxe5 Bxe5 21. Nd2
Qb7 22. Nc4 Qe7 23. Qe2 Qg5 24. Qg4 Qf6 25. Ra7 Re7 26. Rea1 h5 27. Qf3 Reb7
28. Rxb7 Rxb7 29. Ra8+ Kg7 30. Ra2 Qg5 31. Ra6 Qe7 32. Qd1 Ra7 33. Qa4 Rxa6 34.
Qxa6 f5 35. exf5 gxf5 36. Qc8 Kg6 37. Qg8+ Bg7 38. Qe6+ Qxe6 39. dxe6 Bf8 40.
Kf1 Kf6 41. Ke2 Kxe6 42. Kf3 d5 43. Nb6 Bd6 44. c4 d4 45. Nd5 d3 46. Nc3 Ke5
47. Nb5 Bb8 48. b3 Kf6 49. Nc3 Be5 50. Nd5+ Kf7 51. b4 cxb4 52. Nxb4 d2 53. Ke2
Bc3 54. Nd5 Bd4 55. Nxf4 h4 56. f3 Be5 57. Nd3 Bc3 58. Nf2 Ke6 59. Kd3 Bb4 60.
Kd4 Kd6 61. Kd3 Kc5 62. Nd1 Ba5 63. Ne3 Bb4 64. Nd1 Ba5 65. Nb2 Bb4 66. Nd1 Ba5
1/2-1/2

[Event "Montcalm 3 2022-23"]
[Site "Quebec CAN"]
[Date "2022.11.17"]
[Round "1"]
[White "Laflamme, Simon"]
[Black "Michaud, Jacques"]
[Result "1-0"]
[WhiteElo "1972"]
[BlackElo "1526"]
[PlyCount "59"]
[EventDate "2022.11.17"]
[EventType "swiss"]
[EventRounds "5"]
[EventCountry "CAN"]

1. d4 Nf6 2. c4 g6 3. Nc3 d5 4. cxd5 Nxd5 5. e4 Nxc3 6. bxc3 Bg7 7. Nf3 c5 8.
Be3 O-O 9. Qd2 Qa5 10. Rb1 cxd4 11. cxd4 Qxd2+ 12. Kxd2 Nc6 13. d5 Rd8 14. Bd3
Ne5 15. Nxe5 Bxe5 16. f4 Bg7 17. Ke2 b6 18. Rbc1 Bg4+ 19. Kf2 Rac8 20. Ba6 Rxc1
21. Rxc1 e6 22. h3 exd5 23. hxg4 dxe4 24. Rc8 Rxc8 25. Bxc8 b5 26. Bxa7 b4 27.
Ke3 Bc3 28. Kxe4 Kg7 29. Bd4+ Bxd4 30. Kxd4 1-0

[Event "Montcalm 3 2022-23"]
[Site "Quebec CAN"]
[Date "2022.11.17"]
[Round "1"]
[White "Plante, Rejean"]
[Black "Arseneau, Mathias"]
[Result "0-1"]
[WhiteElo "1988"]
[BlackElo "1621"]
[PlyCount "112"]
[EventDate "2022.11.17"]
[EventType "swiss"]
[EventRounds "5"]
[EventCountry "CAN"]

1. d4 g6 2. c4 Bg7 3. Nc3 Nf6 4. e4 d6 5. f3 O-O 6. Be3 Nbd7 7. Qd2 e5 8. d5 a5
9. Bd3 b6 10. Nge2 Nc5 11. Bc2 Bd7 12. g4 Ne8 13. Ng3 f6 14. h4 a4 15. h5 g5
16. h6 Bh8 17. O-O-O Rf7 18. Nf5 Kf8 19. Rh5 Rb8 20. Nb5 Bxb5 21. cxb5 Qd7 22.
Bxc5 dxc5 23. Bxa4 Nd6 24. Nxd6 cxd6 25. Kb1 Ra8 26. Qc2 Qa7 27. Bb3 Qa5 28.
Bc4 Qb4 29. Rhh1 Rfa7 30. Rd3 Ra4 31. Rc1 Qa5 32. a3 Qa7 33. Rc3 Qa5 34. Qd3
Qa7 35. Kc2 Qa5 36. Kd2 Qa7 37. Ke3 Qa5 38. Kf2 Ke8 39. Kg3 Qa7 40. Rb1 Kf8 41.
Qe3 Kf7 42. b4 cxb4 43. axb4 Ra3 44. Bb3 Ra1 45. Rbc1 Rxc1 46. Qxc1 Kg6 47. Qh1
Kf7 48. Rc6 f5 49. gxf5 Ke7 50. Qc1 Kd7 51. Qxg5 Qa1 52. Qc1 Qa7 53. Rc2 Rg8+
54. Kf2 Bf6 55. Ra2 Bh4+ 56. Ke3 Bg5+ 0-1

[Event "Montcalm 3 2022-23"]
[Site "Quebec CAN"]
[Date "2022.11.17"]
[Round "1"]
[White "Roux, Michel"]
[Black "Marquis, Paul"]
[Result "0-1"]
[WhiteElo "1554"]
[BlackElo "1980"]
[PlyCount "96"]
[EventDate "2022.11.17"]
[EventType "swiss"]
[EventRounds "5"]
[EventCountry "CAN"]

1. d4 Nf6 2. Bf4 d6 3. e3 g6 4. Nc3 Bg7 5. Be2 O-O 6. h4 Nbd7 7. Nf3 c6 8. Qd2
b5 9. a3 a5 10. h5 Nxh5 11. Rxh5 gxh5 12. Ne4 Nf6 13. Nxf6+ exf6 14. Bd3 f5 15.
O-O-O Qe7 16. Rh1 b4 17. a4 Qe6 18. b3 Ba6 19. Ng5 Qf6 20. Bxa6 Rxa6 21. Qe2
Rfa8 22. Qxh5 h6 23. Nf3 c5 24. Kd2 Qg6 25. Qh3 Qg4 26. Qh2 cxd4 27. exd4 d5
28. Re1 Rc6 29. Ne5 Bxe5 30. Bxe5 Rac8 31. Rc1 Qe4 32. Qg3+ Rg6 33. Qf3 Rxg2
34. Qxe4 fxe4 35. Bg3 Rc3 36. Ke1 Rg1+ 37. Kd2 Rxc1 38. Kxc1 Rf3 39. Kd1 Rf6
40. Ke2 Rc6 41. Kd2 Kg7 42. Bb8 Kg6 43. Ba7 f5 44. Bc5 f4 45. Ke2 h5 46. Kd2 h4
47. c3 bxc3+ 48. Kxc3 h3 0-1

[Event "Montcalm 3 2022-23"]
[Site "Quebec CAN"]
[Date "2022.11.24"]
[Round "2"]
[White "Brown, Zachary"]
[Black "Sauve, Richard"]
[Result "0-1"]
[WhiteElo "1662"]
[BlackElo "1921"]
[PlyCount "106"]
[EventDate "2022.11.17"]
[EventType "swiss"]
[EventRounds "5"]
[EventCountry "CAN"]

1. e4 e6 2. d4 d5 3. exd5 exd5 4. Nf3 Nf6 5. h3 Bd6 6. Bd3 O-O 7. O-O Be6 8. c3
Nc6 9. Bg5 Be7 10. Ne5 Nxe5 11. dxe5 Ne4 12. Bxe7 Qxe7 13. Qc2 f5 14. exf6 Nxf6
15. Nd2 Qd7 16. Kh2 g6 17. Nf3 Rae8 18. Ng5 Bf5 19. Bxf5 Qxf5 20. Qxf5 gxf5 21.
Rfe1 Ne4 22. Nxe4 fxe4 23. Re2 Kg7 24. Rae1 Kg6 25. f3 Kf5 26. g4+ Kf4 27. fxe4
dxe4 28. Rxe4+ Rxe4 29. Rf1+ Ke5 30. Rxf8 Re2+ 31. Kg3 Rxb2 32. Rf7 Rxa2 33.
Rxc7 Ra3 34. Rxh7 Rxc3+ 35. Kh4 Rb3 36. Rf7 Ke6 37. Rf2 a5 38. g5 Rb1 39. g6
Rg1 40. Kh5 b5 41. Rb2 b4 42. h4 Kf6 43. Rf2+ Ke6 44. Kh6 b3 45. g7 a4 46. Kh7
a3 47. g8=Q+ Rxg8 48. Kxg8 b2 49. Rf1 a2 50. Re1+ Kf5 51. h5 a1=Q 52. Rxa1
bxa1=Q 53. h6 Kg6 0-1

[Event "Montcalm 3 2022-23"]
[Site "Quebec CAN"]
[Date "2022.11.24"]
[Round "2"]
[White "Fecteau, Martin"]
[Black "Arseneau, Mathias"]
[Result "1-0"]
[WhiteElo "1904"]
[BlackElo "1621"]
[PlyCount "115"]
[EventDate "2022.11.17"]
[EventType "swiss"]
[EventRounds "5"]
[EventCountry "CAN"]

1. d4 d5 2. c4 e6 3. g3 Nf6 4. Bg2 Bd7 5. Nf3 Bb4+ 6. Nbd2 dxc4 7. Qc2 b5 8.
Ne5 c6 9. O-O Qb6 10. Ndf3 h6 11. a4 Na6 12. axb5 cxb5 13. Nxd7 Nxd7 14. Ne5
Rc8 15. Nxd7 Kxd7 16. d5 Nc7 17. dxe6+ Nxe6 18. Qf5 Ke7 19. Bd5 g6 20. Qe4 Bc5
21. Kg2 Rcd8 22. Qh4+ g5 23. Qe4 f5 24. Qxf5 Rhf8 25. Qxe6+ Qxe6 26. Bxe6 Kxe6
27. f4 gxf4 28. Bxf4 h5 29. Ra6+ Bb6 30. Bc7 Rxf1 31. Bxd8 Rf2+ 32. Kh3 Rxe2
33. Bxb6 axb6 34. Rxb6+ Kf7 35. Rxb5 Kg6 36. b3 cxb3 37. Rxb3 Rf2 38. Rb4 Ra2
39. Rb1 Rf2 40. Rg1 Rc2 41. Rg2 Rxg2 42. Kxg2 Kg5 43. Kf3 Kf5 44. h3 Ke5 45.
Ke3 Kf5 46. Kd4 Ke6 47. Ke4 Kf6 48. Kf4 Kg6 49. Ke5 Kg5 50. Ke6 h4 51. g4 Kf4
52. Kf6 Kg3 53. g5 Kxh3 54. g6 Kg2 55. g7 h3 56. g8=Q+ Kh1 57. Qc4 Kg2 58. Qg4+
1-0

[Event "Montcalm 3 2022-23"]
[Site "Quebec CAN"]
[Date "2022.11.24"]
[Round "2"]
[White "Gaulin, Gaetan"]
[Black "Dumont, Eric"]
[Result "1-0"]
[WhiteElo "1961"]
[BlackElo "1759"]
[PlyCount "103"]
[EventDate "2022.11.17"]
[EventType "swiss"]
[EventRounds "5"]
[EventCountry "CAN"]

1. d4 d5 2. c4 c6 3. Nf3 Nf6 4. Nc3 g6 5. e3 Bg7 6. Bd3 O-O 7. O-O Qc7 8. cxd5
Nxd5 9. Nxd5 cxd5 10. Qb3 e6 11. Bd2 Nc6 12. Rac1 Qb6 13. Qxb6 axb6 14. a3 Bd7
15. Bb5 Rfc8 16. Rc3 Be8 17. Rfc1 h6 18. h4 Kf8 19. Ne5 Bxe5 20. dxe5 h5 21. f4
Ke7 22. Bd3 Kd8 23. Rb3 Ne7 24. Rxb6 Rxc1+ 25. Bxc1 Bc6 26. Kf2 Kc7 27. Rb3 Nf5
28. g3 Ra7 29. Bd2 Ra8 30. Bc3 Ne7 31. Bd4 Kd7 32. Rc3 Nf5 33. b4 Nxd4 34. exd4
b5 35. Ke3 Ra7 36. Kd2 Ra8 37. Kc2 Ra7 38. Kb2 Ra8 39. Rc5 Rb8 40. Ka2 Rb7 41.
a4 bxa4 42. b5 Bxb5 43. Bxb5+ Kd8 44. Ka3 Ra7 45. Rc3 Ra8 46. Kb4 Rb8 47. Ra3
Rc8 48. Rxa4 Rc1 49. Ra7 Rg1 50. Kc5 Rxg3 51. Kd6 Kc8 52. Bc6 1-0

[Event "Montcalm 3 2022-23"]
[Site "Quebec CAN"]
[Date "2022.11.24"]
[Round "2"]
[White "Gauthier-Andersen, Gabriel"]
[Black "Roux, Michel"]
[Result "0-1"]
[WhiteElo "1285"]
[BlackElo "1554"]
[PlyCount "78"]
[EventDate "2022.11.17"]
[EventType "swiss"]
[EventRounds "5"]
[EventCountry "CAN"]

1. e4 d5 2. exd5 Qxd5 3. Nc3 Qa5 4. d4 Nf6 5. Nf3 Bf5 6. Bc4 e6 7. Bf4 c6 8.
O-O Nbd7 9. a3 Nd5 10. Nxd5 cxd5 11. Bd3 Bxd3 12. Qxd3 Be7 13. Rfe1 h6 14. Ne5
Nf6 15. c4 O-O 16. b4 Qd8 17. h3 dxc4 18. Nxc4 Rc8 19. b5 Qd5 20. Ne3 Qd7 21.
a4 Bd6 22. Bxd6 Qxd6 23. Nc4 Qd5 24. Rec1 Rfd8 25. Nb2 Rxc1+ 26. Rxc1 e5 27.
Rd1 exd4 28. a5 Ne4 29. b6 a6 30. Na4 Ng5 31. Rc1 Qxa5 32. Rc4 Ne6 33. g3 Qe1+
34. Kg2 Qe5 35. Nb2 Re8 36. Qd2 Qe4+ 37. f3 Qd5 38. Qd3 Rd8 39. Nd1 Qb5 0-1

[Event "Montcalm 3 2022-23"]
[Site "Quebec CAN"]
[Date "2022.11.24"]
[Round "2"]
[White "Gonthier-Cummings, Eloi"]
[Black "Glode, Martin"]
[Result "0-1"]
[WhiteElo "1340"]
[BlackElo "1910"]
[PlyCount "50"]
[EventDate "2022.11.17"]
[EventType "swiss"]
[EventRounds "5"]
[EventCountry "CAN"]

1. e4 Nf6 2. e5 Nd5 3. d4 d6 4. c4 Nb6 5. exd6 exd6 6. Bd3 Nc6 7. Ne2 Be7 8.
O-O O-O 9. a3 a5 10. Qc2 g6 11. b3 Bf6 12. Bb2 Bg7 13. Nd2 Ne7 14. h4 Bg4 15.
Ng3 Nc6 16. d5 Bxb2 17. Qxb2 Ne5 18. Nde4 Nbd7 19. Bc2 Qxh4 20. f4 f5 21. fxe5
Nxe5 22. Nc5 Qxg3 23. Ne6 Rf7 24. Qd4 Bh3 25. Nf4 Ng4 0-1